000 00569nam a22001697a 4500
003 OSt
005 20250829051121.0
008 250829b |||||||| |||| 00| 0 eng d
020 _a0-671-72260-3.
040 _aDWCL-Admin lib
_cOC
082 _aFic. Sh15n 1992
100 _aShakespeare, William
245 _aThe new folger library shakespeare: three comedies: the taming of the shrew a midsummer night's dream, twelfth night
_cWilliam Shakespeare
260 _aNew York:
_bWashington Square Press,
_cc1992.
300 _a426 p. ;
_c17 cm.
942 _2ddc
_cFIC.
_kFic.
_n0
999 _c4331
_d4331